Fr. Conceicao Rodrigues College of Engineering

Kashmir Nama (Record no. 31811)

MARC details
000 -LEADER
fixed length control field 00264nam a2200145Ia 4500
082 ## - DEWEY DECIMAL CLASSIFICATION NUMBER
Item number ANS
100 ## - MAIN ENTRY--PERSONAL NAME
Personal name Anshuman/Karan
245 ## - TITLE STATEMENT
Title Kashmir Nama
260 ## - PUBLICATION, DISTRIBUTION, ETC.
Name of publisher, distributor, etc. Jaico
Date of publication, distribution, etc. 2017
366 ## - TRADE AVAILABILITY INFORMATION
Publishers's discount category 25
300 ## - PHYSICAL DESCRIPTION
Extent 365
546 ## - LANGUAGE NOTE
Language note ENGLISH
942 ## - ADDED ENTRY ELEMENTS (KOHA)
Koha item type BOOK
Holdings
Withdrawn status Lost status Damaged status Not for loan Collection Home library Current library Date acquired Source of acquisition Cost, normal purchase price Inventory number Total Checkouts Full call number Barcode Date last seen Cost, replacement price Price effective from Koha item type
        CRC Fr. Agnel's C.Rodrigues College of Engineering Fr. Agnel's C.Rodrigues College of Engineering 17/03/2023 Allied Publisher 337.50 890 dt 09.01.2018   ANS 25175 24/06/2026 450.00   BOOK